000 00528nam a2200181Ia 4500
999 _c9039
_d9039
020 _a9788132236146
082 _a307.20954 SUB
245 0 _aSubaltern urbanisation in India: an introduction to the dynamics of ordinary towns
260 _aNew Delhi
_bSpringer
_c2017
300 _axxxvi, 614p
440 _aExploring urban change in South Asia
650 _aUrban development
650 _aUrbanization
_zIndia
650 _aSocial development
700 _aDenis, Eric
700 _aZerah, Marie-Helene
942 _cBK
_2ddc